000 01182nam a22002537a 4500
999 _c763
_d763
003 AR-CdUCM
008 190225b ||||| |||| 00| 0 spa d
040 _aMUNICIPALIDAD PROVINCIAL DEL CUSCO
_cBIBLIOTECA MUNICIPAL DEL CUSCO
082 _a985.0013 /
_bAM52
110 _aSello Amauta
_92926
245 _aPresencia y proyección de los 7 ensayos:
_bfactor religioso /
260 _aLima :
_bAmauta,
_c1972.
300 _a166 páginas ;
_c24 cm.
500 _aDonación de la familia Nieto. Prólogo del Dr. Alberto Tauro.
505 _aTomo IV, contenido: El factor religioso -- La cuestión de los orígenes -- La iglesia católica: cuestiones intrínsecas -- Tomismo y marxismo en la teoría del conocimiento -- La teoría del conocimiento en Tomas y Marx -- La revelación cristianas y los manuscritos del mar muerto -- Los fieles católicos -- El apostolado de los laicos -- El clero católico.
650 _aFactor Religioso
_92927
650 _aHugo Pesce
_92928
650 _aSiete ensayos
_92929
650 _aRealidad peruana
_92930
650 _aJosé Carlos Mariátegui
_92866
700 _aPesce, Hugo
_92931
942 _2ddc
_cLIBROS
945 _alccs
_d2019-02-25